| 000 -LEADER |
| fixed length control field |
00629cam a2200193 a 4500 |
| 001 - CONTROL NUMBER |
| control field |
15296315 |
| 005 - DATE AND TIME OF LATEST TRANSACTION |
| control field |
20210922115846.0 |
| 008 - FIXED-LENGTH DATA ELEMENTS--GENERAL INFORMATION |
| fixed length control field |
080519s2008 nhua b 000 0 eng |
| 020 ## - INTERNATIONAL STANDARD BOOK NUMBER |
| International Standard Book Number |
9780325022505 |
| 041 ## - LANGUAGE CODE |
| Language code of text/sound track or separate title |
eng |
| 080 ## - UNIVERSAL DECIMAL CLASSIFICATION NUMBER |
| Universal Decimal Classification number |
371.58 G-45 |
| 100 1# - MAIN ENTRY--PERSONAL NAME |
| Personal name |
Gilmore, Barry. |
| 9 (RLIN) |
12515 |
| 245 10 - TITLE STATEMENT |
| Title |
Plagiarism : |
| Remainder of title |
why it happens, how to prevent it / |
| Statement of responsibility, etc. |
Barry Gilmore. |
| 264 ## - PRODUCTION, PUBLICATION, DISTRIBUTION, MANUFACTURE, AND COPYRIGHT NOTICE |
| Place of production, publication, distribution, manufacture |
Portsmouth, NH : |
| Name of producer, publisher, distributor, manufacturer |
Heinemann, |
| Date of production, publication, distribution, manufacture, or copyright notice |
2008. |
| 300 ## - PHYSICAL DESCRIPTION |
| Extent |
139 p. : |
| Other physical details |
ill. ; |
| Dimensions |
24 cm. |
| 653 ## - INDEX TERM--UNCONTROLLED |
| keyword |
პლაგიატი |
| 942 ## - ADDED ENTRY ELEMENTS (KOHA) |
| Source of classification or shelving scheme |
|
| Koha item type |
წიგნი |